[Event "DVM U10 2014"]
[Site "Magdeburg GER"]
[Date "2014.12.28"]
[Round "3"]
[White "Schröder, Lennart"]
[Black "Silini, Jalel"]
[Result "1-0"]
[Termination "normal"]
[Board "5.3"]
[WhiteElo "1188"]
[BlackElo "876"]
[WhiteTeam "SK Münster 32"]
[BlackTeam "Lübecker SV von 1873 1"]
[PlyCount "93"]
[WhiteFideId "16222490"]
[BlackFideId "16215397"]
[EventCountry "GER"]
[EventRounds "7"]
[EventType "team-swiss"]
[EventDate "2014.12.27"]

1. d4 d5 2. c4 c6 3. Nf3 Nf6 4. e3 Bf5 5. Nc3 e6 6. b3 Bb4 7. Bb2 b6 8. a3 Bd6
9. Bd3 Bxd3 10. Qxd3 c5 11. dxc5 bxc5 12. cxd5 exd5 13. Nxd5 Nxd5 14. Qxd5 O-O
15. Rd1 Bc7 16. Qxa8 Qc8 17. Qe4 Re8 18. Qh4 Bd8 19. Ng5 h6 20. Qg3 Bxg5 21. h4
f6 22. hxg5 fxg5 23. f4 c4 24. fxg5 Qc5 25. Bd4 Qxg5 26. Qxg5 hxg5 27. Bxa7
cxb3 28. Bxb8 Rxb8 29. Rb1 b2 30. Kd2 Kf7 31. Kc3 Ke6 32. Rxb2 Rg8 33. Rb6+ Kf5
34. Kb4 Kg4 35. a4 Kg3 36. a5 g4 37. Rg6 Rb8+ 38. Ka4 Ra8 39. a6 Ra7 40. Kb5
Kxg2 41. Rh7 g3 42. Rhxg7 Ra8 43. a7 Kh2 44. Kb6 g2 45. Kb7 g1=Q 46. Rxg1 Kh3
47. Rh1# 1-0

[Event "DVM U10 2014"]
[Site "Magdeburg GER"]
[Date "2014.12.28"]
[Round "3"]
[White "Senechal, Niklas Bennett"]
[Black "Van Lindt, Raffael"]
[Result "1-0"]
[Termination "normal"]
[Board "5.4"]
[WhiteElo "757"]
[BlackElo "1061"]
[WhiteTeam "Lübecker SV von 1873 1"]
[BlackTeam "SK Münster 32"]
[PlyCount "95"]
[WhiteFideId "16231180"]
[BlackFideId "12998834"]
[EventCountry "GER"]
[EventRounds "7"]
[EventType "team-swiss"]
[EventDate "2014.12.27"]

1. e4 e5 2. Nf3 Nc6 3. Bb5 Bc5 4. Nc3 Nf6 5. O-O d6 6. d3 Bg4 7. Bg5 O-O 8. Nd5
Nd4 9. Nxf6+ gxf6 10. Bh6 Nxf3+ 11. gxf3 Bh3 12. Bxf8 Bxf1 13. Bh6 Bh3 14. f4
Kh8 15. Qf3 exf4 16. Qxh3 Qg8+ 17. Kh1 Bxf2 18. Bxf4 Qg6 19. Qg2 Bb6 20. Qxg6
fxg6 21. c3 Rg8 22. Bc4 Rg7 23. Bh6 Rd7 24. Rf1 c6 25. Rxf6 Rd8 26. d4 Re8 27.
Kg2 Bc7 28. Be6 Bd8 29. Rf7 Rg8 30. Rxb7 Bf6 31. e5 dxe5 32. dxe5 Bxe5 33. Bxg8
Kxg8 34. Rxa7 c5 35. a4 g5 36. Bxg5 h6 37. Bxh6 c4 38. a5 Kh8 39. a6 Bg7 40.
Rb7 Kg8 41. a7 Kh8 42. a8=Q+ Kh7 43. Qc8 Kxh6 44. Qg8 Kg5 45. Kg3 Kf5 46. Qf7+
Kg5 47. Rb5+ Kh6 48. Rh5# 1-0

[Event "DVM U10 2014"]
[Site "Magdeburg GER"]
[Date "2014.12.28"]
[Round "3"]
[White "ter Stal, Lars"]
[Black "Noever, Niklas"]
[Result "0-1"]
[Termination "normal"]
[Board "6.1"]
[WhiteElo "1186"]
[BlackElo "1400"]
[WhiteTeam "SK Nordhorn-Blanke"]
[BlackTeam "Rheydter Schachverein 1920"]
[PlyCount "86"]
[WhiteFideId "12965200"]
[BlackFideId "12988642"]
[EventCountry "GER"]
[EventRounds "7"]
[EventType "team-swiss"]
[EventDate "2014.12.27"]

1. e4 c5 2. Nc3 d6 3. f4 Nc6 4. Nf3 g6 5. Bc4 Be6 6. Bxe6 fxe6 7. d4 cxd4 8.
Nxd4 Qc8 9. Nxc6 bxc6 10. Qd4 Nf6 11. e5 c5 12. Qa4+ Nd7 13. exd6 exd6 14. O-O
Be7 15. Re1 Kf7 16. Qc4 Nb6 17. Qd3 d5 18. b3 Bf6 19. Rb1 Rb8 20. Re2 c4 21.
Qh3 Bxc3 22. Qxc3 cxb3 23. Qxc8 Rhxc8 24. Rxb3 Nc4 25. Be3 Rxb3 26. axb3 Nxe3
27. Rxe3 Rxc2 28. Rh3 h5 29. g4 hxg4 30. Rh7+ Kf6 31. Rxa7 Kf5 32. Ra5 Rb2 33.
Rb5 g5 34. fxg5 Kxg5 35. Rb6 Kf5 36. Rb4 e5 37. h3 gxh3 38. Rh4 Rxb3 39. Rh5+
Kf4 40. Rh4+ Kg3 41. Rxh3+ Kxh3 42. Kh1 Kg3 43. Kg1 Rb1# 0-1

[Event "DVM U10 2014"]
[Site "Magdeburg GER"]
[Date "2014.12.28"]
[Round "3"]
[White "Bartels, Simon"]
[Black "Rudi, Jonathan"]
[Result "1-0"]
[Termination "normal"]
[Board "6.2"]
[WhiteElo "1235"]
[BlackElo "1107"]
[WhiteTeam "Rheydter Schachverein 1920"]
[BlackTeam "SK Nordhorn-Blanke"]
[PlyCount "53"]
[WhiteFideId "12990140"]
[BlackFideId "16241827"]
[EventCountry "GER"]
[EventRounds "7"]
[EventType "team-swiss"]
[EventDate "2014.12.27"]

1. e4 e5 2. Nf3 Nc6 3. Nc3 Nf6 4. Be2 Bb4 5. d3 d6 6. O-O Be6 7. Bg5 h6 8. Bh4
g5 9. Bg3 Nh5 10. Nxg5 Nxg3 11. Nxe6 Nxe2+ 12. Qxe2 fxe6 13. Qh5+ Kd7 14. Ne2
Qe7 15. c3 Ba5 16. b4 Bb6 17. a4 a6 18. Kh1 Qe8 19. Qh3 d5 20. exd5 Nd8 21. f4
exf4 22. Nxf4 Kd6 23. Rae1 e5 24. c4 Bd4 25. c5+ Ke7 26. d6+ cxd6 27. Nd5# 1-0

[Event "DVM U10 2014"]
[Site "Magdeburg GER"]
[Date "2014.12.28"]
[Round "3"]
[White "Meijerink, Inken"]
[Black "Leßmann, Sönke"]
[Result "0-1"]
[Termination "normal"]
[Board "6.3"]
[WhiteElo "924"]
[BlackElo "1151"]
[WhiteTeam "SK Nordhorn-Blanke"]
[BlackTeam "Rheydter Schachverein 1920"]
[PlyCount "112"]
[WhiteFideId "16225465"]
[BlackFideId "16222520"]
[EventCountry "GER"]
[EventRounds "7"]
[EventType "team-swiss"]
[EventDate "2014.12.27"]

1. e4 e5 2. Nf3 Nc6 3. d4 exd4 4. Nxd4 Nxd4 5. Qxd4 Nf6 6. e5 Ng8 7. Bc4 d6 8.
exd6 Qxd6 9. Be3 Qxd4 10. Bxd4 Bf5 11. c3 Nf6 12. O-O Be7 13. Nd2 O-O 14. Rfe1
Rfe8 15. Re3 Rad8 16. Rg3 c5 17. Bxf6 Bxf6 18. Nf3 Rd6 19. Bb5 Red8 20. Ba4 Rd5
21. c4 Rd3 22. h3 Bd7 23. Bc2 Rd6 24. Rb1 g6 25. Ne1 Rb6 26. b3 Be5 27. Rd3 Rd6
28. Rxd6 Bxd6 29. Rd1 Bc7 30. Be4 b6 31. Nc2 Kf8 32. Ne3 a6 33. Nc2 Ke7 34. Re1
Be6 35. Bd5 Kf6 36. Bxe6 fxe6 37. a3 Rd3 38. b4 Rc3 39. Ne3 Rxa3 40. Ng4+ Ke7
41. g3 cxb4 42. Rb1 Bd6 43. h4 Rc3 44. Ne3 a5 45. Kh2 b3 46. Kg2 a4 47. Kf3 a3
48. Ke2 a2 49. Rh1 b2 50. Kd2 a1=Q 51. Rxa1 bxa1=Q 52. Ke2 Qb2+ 53. Kf1 Rxe3
54. Kg2 Rxg3+ 55. Kf1 Bc5 56. Ke1 Rg1# 0-1

[Event "DVM U10 2014"]
[Site "Magdeburg GER"]
[Date "2014.12.28"]
[Round "3"]
[White "Noever, Jonas"]
[Black "Wolterink, Insa"]
[Result "0-1"]
[Termination "normal"]
[Board "6.4"]
[WhiteElo "1034"]
[BlackElo "865"]
[WhiteTeam "Rheydter Schachverein 1920"]
[BlackTeam "SK Nordhorn-Blanke"]
[PlyCount "92"]
[WhiteFideId "16266137"]
[BlackFideId "16235266"]
[EventCountry "GER"]
[EventRounds "7"]
[EventType "team-swiss"]
[EventDate "2014.12.27"]

1. e4 e5 2. Nf3 Nc6 3. Nc3 Nf6 4. Bc4 h6 5. d3 Bb4 6. O-O d6 7. Bd2 Bg4 8. h3
Bh5 9. a3 Ba5 10. b4 Bb6 11. a4 Nxb4 12. Nb5 a6 13. Bxb4 axb5 14. Bxb5+ c6 15.
Bc4 c5 16. Bc3 O-O 17. g4 Bg6 18. Qe1 Ba5 19. Bxa5 Rxa5 20. Qd2 Nh7 21. Rab1
Ra7 22. Bd5 Qc8 23. Rb2 Qd7 24. a5 Rb8 25. Rfb1 Nf6 26. a6 Nxd5 27. exd5 Rxa6
28. Qc1 b6 29. Nd2 b5 30. Rb3 Ra5 31. Nc4 Ra6 32. Qb2 b4 33. Rd1 Qe7 34. c3 Ra7
35. d4 Rab7 36. cxb4 cxb4 37. Na5 Rb6 38. Nc4 Rb5 39. Ra1 Qf6 40. Ra6 Rxd5 41.
Rxb4 Rd8 42. Nb6 Rxd4 43. Rxd4 exd4 44. Ra4 Qf3 45. Kh2 Be4 46. Ra1 Qg2# 0-1

[Event "DVM U10 2014"]
[Site "Magdeburg GER"]
[Date "2014.12.28"]
[Round "3"]
[White "Deutsch, Christoph"]
[Black "Kazuch, Vincent"]
[Result "1/2-1/2"]
[Termination "normal"]
[Board "7.1"]
[WhiteElo "1215"]
[BlackElo "1690"]
[WhiteTeam "SK Gründau"]
[BlackTeam "SV Empor Erfurt"]
[PlyCount "84"]
[WhiteFideId "16206878"]
[BlackFideId "12971480"]
[EventCountry "GER"]
[EventRounds "7"]
[EventType "team-swiss"]
[EventDate "2014.12.27"]

1. e4 e6 2. d4 d5 3. exd5 exd5 4. Nf3 Nc6 5. Bb5 Bg4 6. h3 Bh5 7. O-O Bd6 8.
Be3 Nge7 9. Re1 O-O 10. Nc3 Nb4 11. a3 Bxf3 12. gxf3 Nbc6 13. Bg5 f6 14. Bh4
Qd7 15. Kg2 Qf5 16. Ne2 Ng6 17. Bg3 Qg5 18. Qc1 Nh4+ 19. Kh1 Nxf3 20. Bxd6 Nxe1
21. Qxg5 fxg5 22. Bxf8 Nxc2 23. Rc1 N2xd4 24. Nxd4 Nxd4 25. Rxc7 Nxb5 26. Rxb7
Rxf8 27. Rxb5 Rxf2 28. Rxd5 Rxb2 29. Rxg5 Rb3 30. Kg2 Rxa3 31. Rb5 a5 32. Kh2
a4 33. Ra5 Ra2+ 34. Kg3 a3 35. Kf4 Ra1 36. Ke5 a2 37. Ke6 Re1+ 38. Kf5 a1=Q 39.
Rxa1 Rxa1 40. h4 h6 41. Kg6 Rg1+ 42. Kh5 Kh7 1/2-1/2

[Event "DVM U10 2014"]
[Site "Magdeburg GER"]
[Date "2014.12.28"]
[Round "3"]
[White "Deutsch, Volker"]
[Black "Rajchel, Arian"]
[Result "1/2-1/2"]
[Termination "normal"]
[Board "7.3"]
[WhiteElo "1059"]
[BlackElo "1149"]
[WhiteTeam "SK Gründau"]
[BlackTeam "SV Empor Erfurt"]
[PlyCount "54"]
[WhiteFideId "16206886"]
[EventCountry "GER"]
[EventRounds "7"]
[EventType "team-swiss"]
[EventDate "2014.12.27"]

1. e4 e5 2. Nf3 Nc6 3. Bc4 Bc5 4. Nc3 Nf6 5. d3 d6 6. h3 Be6 7. Bb3 Qd7 8. Bg5
a6 9. O-O h6 10. Be3 Bd4 11. Qd2 g5 12. Nd5 Bxd5 13. exd5 Ne7 14. c4 Bxe3 15.
Qxe3 g4 16. hxg4 Nxg4 17. Qe4 f5 18. Qe2 O-O-O 19. Qc2 Ng6 20. Ba4 Qg7 21. c5
dxc5 22. Qxc5 Nf4 23. Qa7 b5 24. Qxa6+ Kd7 25. Qc6+ Kc8 26. Qa8+ Kd7 27. Qc6+
Kc8 1/2-1/2

[Event "DVM U10 2014"]
[Site "Magdeburg GER"]
[Date "2014.12.28"]
[Round "3"]
[White "Reuter, Elisa"]
[Black "Deutsch, Oliver"]
[Result "1-0"]
[Termination "normal"]
[Board "7.4"]
[WhiteElo "1085"]
[BlackElo "791"]
[WhiteTeam "SV Empor Erfurt"]
[BlackTeam "SK Gründau"]
[PlyCount "91"]
[WhiteFideId "12995444"]
[BlackFideId "16206894"]
[EventCountry "GER"]
[EventRounds "7"]
[EventType "team-swiss"]
[EventDate "2014.12.27"]

1. e4 e5 2. Nf3 Nc6 3. d4 Bd6 4. d5 Nce7 5. Bc4 Nf6 6. Qd3 O-O 7. Be3 h6 8. a3
a6 9. Nc3 b5 10. Bb3 c5 11. dxc6 dxc6 12. Rd1 Ne8 13. Bc5 Bg4 14. Bxd6 Nxd6 15.
Qxd6 Qxd6 16. Rxd6 c5 17. Nxe5 Bh5 18. Nd5 Nc8 19. Rc6 c4 20. Ba2 Re8 21. Nc7
Rxe5 22. Nxa8 Rxe4+ 23. Kd2 Rd4+ 24. Kc3 Rd7 25. Rxc8+ Kh7 26. Rc7 Rd8 27. Nb6
Bg4 28. f3 Be6 29. Nxc4 bxc4 30. Bxc4 Bxc4 31. Rxc4 Re8 32. Kd3 Rd8+ 33. Rd4
Rb8 34. b3 g6 35. Rb1 Re8 36. c4 h5 37. c5 Rc8 38. Rc1 Kg7 39. c6 Kf8 40. c7 f5
41. Rd8+ Rxd8+ 42. cxd8=Q+ Kf7 43. Qg5 Ke6 44. Qxg6+ Ke5 45. Rc5+ Kf4 46. Qg3#
1-0

[Event "DVM U10 2014"]
[Site "Magdeburg GER"]
[Date "2014.12.28"]
[Round "3"]
[White "Wang, Xinyuan"]
[Black "Hiller, Klemens"]
[Result "0-1"]
[Termination "normal"]
[Board "8.1"]
[WhiteElo "1251"]
[BlackElo "1165"]
[WhiteTeam "SG Königskinder Hohentübingen"]
[BlackTeam "SV Dresden-Leuben"]
[PlyCount "120"]
[WhiteFideId "16221494"]
[BlackFideId "16255739"]
[EventCountry "GER"]
[EventRounds "7"]
[EventType "team-swiss"]
[EventDate "2014.12.27"]

1. d4 e6 2. e4 c5 3. c3 Nc6 4. d5 exd5 5. exd5 Nce7 6. Qe2 Nf6 7. d6 Qb6 8.
dxe7 Bxe7 9. Qb5 Qe6+ 10. Qe2 Qb6 11. Be3 O-O 12. Nf3 Nd5 13. Ne5 d6 14. Nc4
Qb5 15. Nca3 Qb6 16. Qf3 Qxb2 17. Qxd5 Qxa1 18. Bc1 Be6 19. Qd2 Qxa2 20. Qxa2
Bxa2 21. c4 Bxb1 22. Nxb1 Rfe8 23. Be2 Bf6 24. g4 Bc3+ 25. Kf1 Re6 26. Kg2 Rxe2
27. Be3 Re1 28. Rxe1 Bxe1 29. Bf4 Rd8 30. Na3 a5 31. Nc2 Bb4 32. Ne3 Bd2 33.
Kf3 d5 34. Ke2 Bc1 35. Kd1 Bxe3 36. Bxe3 a4 37. Kc2 Re8 38. h3 Re4 39. Kd3 a3
40. Bd2 a2 41. Bc3 Rf4 42. Ke3 Rxc4 43. Bb2 Rc2 44. Ba1 Rc1 45. Bb2 a1=Q 46.
Bxa1 Rxa1 47. Kd2 Ra3 48. h4 Ra4 49. f3 h6 50. Kc2 Rb4 51. Kc3 d4+ 52. Kd3 Rb3+
53. Kd2 Rc3 54. h5 b5 55. f4 b4 56. f5 b3 57. g5 b2 58. f6 b1=Q 59. fxg7 Qb2+
60. Ke1 Rc1# 0-1

[Event "DVM U10 2014"]
[Site "Magdeburg GER"]
[Date "2014.12.28"]
[Round "3"]
[White "Macher, Thore"]
[Black "Jakob, Georg"]
[Result "1-0"]
[Termination "normal"]
[Board "8.2"]
[WhiteElo "1082"]
[BlackElo "979"]
[WhiteTeam "SV Dresden-Leuben"]
[BlackTeam "SG Königskinder Hohentübingen"]
[PlyCount "119"]
[BlackFideId "16224221"]
[EventCountry "GER"]
[EventRounds "7"]
[EventType "team-swiss"]
[EventDate "2014.12.27"]

1. d4 d5 2. e3 e6 3. Bd2 c5 4. Nf3 Nc6 5. c4 Qb6 6. Qc2 cxd4 7. exd4 Nxd4 8.
Nxd4 Qxd4 9. Be3 Qe5 10. Qd2 a5 11. a3 Bc5 12. Be2 Bxe3 13. fxe3 Nf6 14. h3
Qg3+ 15. Kf1 Ne4 16. Qe1 Ke7 17. Nc3 Qxe1+ 18. Kxe1 Nxc3 19. bxc3 Bd7 20. cxd5
exd5 21. Rc1 Rac8 22. Bf3 Ke6 23. Ke2 Bb5+ 24. Kf2 Rc5 25. Rhe1 Rhc8 26. e4 d4
27. Bg4+ Kd6 28. Bxc8 Rxc8 29. cxd4 Rd8 30. Rc5 Be8 31. Rd5+ Kc7 32. Rxd8 Kxd8
33. e5 Bc6 34. e6 fxe6 35. Rxe6 Kd7 36. Re3 Kd6 37. Re5 Bd5 38. g3 b5 39. Ke1
b4 40. axb4 axb4 41. Kd1 b3 42. Kc1 Bg2 43. Kb2 Bd5 44. g4 h6 45. h4 Be6 46. g5
Bf7 47. gxh6 gxh6 48. h5 Be6 49. Rxe6+ Kxe6 50. Kxb3 Kd5 51. Kc3 Kd6 52. Kc4
Kc6 53. d5+ Kd6 54. Kd4 Ke7 55. Ke5 Kd7 56. d6 Kd8 57. Kf6 Kd7 58. Kg6 Kxd6 59.
Kxh6 Ke7 60. Kg7 1-0

[Event "DVM U10 2014"]
[Site "Magdeburg GER"]
[Date "2014.12.28"]
[Round "3"]
[White "Dunder, Tim"]
[Black "Wiedersich, Hendryk"]
[Result "0-1"]
[Termination "normal"]
[Board "8.3"]
[WhiteElo "830"]
[BlackElo "1004"]
[WhiteTeam "SG Königskinder Hohentübingen"]
[BlackTeam "SV Dresden-Leuben"]
[PlyCount "56"]
[BlackFideId "16255399"]
[EventCountry "GER"]
[EventRounds "7"]
[EventType "team-swiss"]
[EventDate "2014.12.27"]

1. e4 c5 2. Nf3 Nc6 3. Nc3 e6 4. d4 cxd4 5. Nxd4 d5 6. exd5 exd5 7. Bb5 Bd7 8.
Bxc6 bxc6 9. Bf4 c5 10. Nf3 d4 11. Nd5 Rc8 12. Ne5 Be6 13. Qe2 Qxd5 14. O-O Nf6
15. Rfd1 Bd6 16. Nd3 O-O 17. Rac1 Bd7 18. Re1 Bc6 19. f3 Rfe8 20. Qd2 Rxe1+ 21.
Qxe1 Re8 22. Qg3 Nh5 23. Qg4 c4 24. Re1 cxd3 25. Rxe8+ Bxe8 26. Qc8 Nf6 27. Qh3
Bxf4 28. Qh4 d2 0-1

[Event "DVM U10 2014"]
[Site "Magdeburg GER"]
[Date "2014.12.28"]
[Round "3"]
[White "Phan Trong, Dai"]
[Black "Aga, Kenan"]
[Result "1-0"]
[Termination "normal"]
[Board "8.4"]
[WhiteElo "782"]
[BlackElo "600"]
[WhiteTeam "SV Dresden-Leuben"]
[BlackTeam "SG Königskinder Hohentübingen"]
[PlyCount "53"]
[WhiteFideId "16236939"]
[EventCountry "GER"]
[EventRounds "7"]
[EventType "team-swiss"]
[EventDate "2014.12.27"]

1. e4 e5 2. Nf3 Nc6 3. Bc4 Bc5 4. d3 d6 5. Ng5 d5 6. Bxd5 Nh6 7. Nf3 O-O 8.
Bxh6 gxh6 9. O-O Bg4 10. Nbd2 Bxf3 11. Qxf3 Qg5 12. Nc4 b5 13. Bxc6 Rae8 14.
Bxe8 Rxe8 15. Na5 Bb6 16. b4 c5 17. c3 cxb4 18. cxb4 Qd8 19. Nb3 a5 20. bxa5
Bxa5 21. Nxa5 Qxa5 22. Rfd1 Rc8 23. Qg4+ Kf8 24. Qxc8+ Ke7 25. Rdc1 b4 26. Qc7+
Qxc7 27. Rxc7+ 1-0

[Event "DVM U10 2014"]
[Site "Magdeburg GER"]
[Date "2014.12.28"]
[Round "3"]
[White "Karl, Simon"]
[Black "Krause, Marc"]
[Result "0-1"]
[Termination "normal"]
[Board "9.1"]
[WhiteElo "1191"]
[BlackElo "1313"]
[WhiteTeam "SK Langen"]
[BlackTeam "SC Empor Potsdam 1952"]
[PlyCount "78"]
[WhiteFideId "16217985"]
[BlackFideId "12985724"]
[EventCountry "GER"]
[EventRounds "7"]
[EventType "team-swiss"]
[EventDate "2014.12.27"]

1. d4 d5 2. c4 e6 3. Nc3 Nf6 4. Bf4 Bd6 5. Bg5 Nbd7 6. Nf3 c6 7. e3 Bb4 8. Bd3
Bxc3+ 9. bxc3 Qa5 10. Qb3 dxc4 11. Bxc4 Ne4 12. Rc1 Nxg5 13. Nxg5 Qxg5 14. O-O
Nb6 15. Be2 Nd5 16. c4 Nf6 17. Rcd1 O-O 18. Bf3 h6 19. h3 e5 20. d5 cxd5 21.
cxd5 e4 22. Bg4 Nxg4 23. hxg4 Qxg4 24. Rb1 Qd7 25. Rbd1 b6 26. Rfe1 Bb7 27. Rd4
Rac8 28. Red1 Rfe8 29. d6 Re6 30. a4 Rd8 31. Qc4 Qc6 32. Qb4 a5 33. Qa3 Ba6 34.
d7 Bd3 35. Rc1 Qb7 36. Rd6 Rxd6 37. Qxd6 Rxd7 38. Qa3 Rc7 39. Rd1 Rc2 0-1

[Event "DVM U10 2014"]
[Site "Magdeburg GER"]
[Date "2014.12.28"]
[Round "3"]
[White "Gericke, Luis"]
[Black "Riegel, Simon"]
[Result "1-0"]
[Termination "normal"]
[Board "9.2"]
[WhiteElo "1361"]
[BlackElo "952"]
[WhiteTeam "SC Empor Potsdam 1952"]
[BlackTeam "SK Langen"]
[PlyCount "112"]
[WhiteFideId "16212525"]
[BlackFideId "34628410"]
[EventCountry "GER"]
[EventRounds "7"]
[EventType "team-swiss"]
[EventDate "2014.12.27"]

1. e4 e5 2. Nf3 Nc6 3. Bb5 Bc5 4. O-O d6 5. d3 a6 6. Ba4 Nge7 7. h3 O-O 8. Nc3
Bd7 9. Bb3 Qc8 10. Kh2 Be6 11. Be3 Bxb3 12. axb3 b6 13. d4 exd4 14. Nxd4 Bxd4
15. Bxd4 Nxd4 16. Qxd4 Qe6 17. Qd3 Qe5+ 18. f4 Qc5 19. Rxa6 Rxa6 20. Qxa6 Qa5
21. Qxa5 bxa5 22. Ra1 Nc6 23. Nd5 Re8 24. Ra4 Nb4 25. Nxb4 axb4 26. Rxb4 f6 27.
Kg3 c5 28. Rc4 Kf7 29. f5 g6 30. Kf3 Re5 31. g4 d5 32. exd5 Rxd5 33. Ke4 Rd2
34. Rxc5 Re2+ 35. Kd4 Rd2+ 36. Ke4 Re2+ 37. Kd5 Rd2+ 38. Kc6 Rh2 39. Rc3 Rd2
40. b4 Rd8 41. b5 Ke7 42. Re3+ Kf8 43. b6 Rc8+ 44. Kb7 Rxc2 45. Ka7 Rxb2 46. b7
Ra2+ 47. Kb6 Rb2+ 48. Kc7 Rc2+ 49. Kb8 Rc6 50. Ka7 Rc7 51. Ka8 Rxb7 52. Kxb7
Kg7 53. fxg6 hxg6 54. Re7+ Kf8 55. Rc7 f5 56. gxf5 gxf5 {Rest nicht
nachvollziehbar} 1-0

[Event "DVM U10 2014"]
[Site "Magdeburg GER"]
[Date "2014.12.28"]
[Round "3"]
[White "Reinecke, Alexander"]
[Black "Knape, Albert"]
[Result "0-1"]
[Termination "normal"]
[Board "9.3"]
[WhiteElo "951"]
[BlackElo "1072"]
[WhiteTeam "SK Langen"]
[BlackTeam "SC Empor Potsdam 1952"]
[PlyCount "44"]
[WhiteFideId "12991570"]
[BlackFideId "16208919"]
[EventCountry "GER"]
[EventRounds "7"]
[EventType "team-swiss"]
[EventDate "2014.12.27"]

1. e4 e5 2. Nf3 Nc6 3. Bc4 Bc5 4. Ng5 Nh6 5. O-O Qxg5 6. d3 Qe7 7. Nc3 d6 8.
Nd5 Qd8 9. Bxh6 gxh6 10. Qh5 Be6 11. Qxh6 Bxd5 12. Bxd5 Qe7 13. Qg7 Qf8 14. Qf6
Rg8 15. a4 Rg6 16. Qf5 Ne7 17. Qh5 Nxd5 18. exd5 Qg7 19. a5 Rxg2+ 20. Kh1 Rxf2
21. Qh3 Rxc2 22. Qf5 Qg2# 0-1

[Event "DVM U10 2014"]
[Site "Magdeburg GER"]
[Date "2014.12.28"]
[Round "3"]
[White "Soumbatova, Maria"]
[Black "Flach, Clemens"]
[Result "1-0"]
[Termination "normal"]
[Board "9.4"]
[WhiteElo "871"]
[BlackElo "681"]
[WhiteTeam "SC Empor Potsdam 1952"]
[BlackTeam "SK Langen"]
[PlyCount "73"]
[EventCountry "GER"]
[EventRounds "7"]
[EventType "team-swiss"]
[EventDate "2014.12.27"]

1. e4 e5 2. Nf3 Nc6 3. Bc4 Bc5 4. d3 h6 5. Nc3 d6 6. h3 Nf6 7. Nd5 Be6 8. Nxf6+
Qxf6 9. Bb5 Bb4+ 10. Bd2 a6 11. Bxc6+ bxc6 12. Bxb4 Rb8 13. Ba5 Qd8 14. O-O Rb5
15. Bd2 Rxb2 16. Rb1 Rxa2 17. Ra1 Rxa1 18. Qxa1 O-O 19. Qxa6 Qd7 20. Qb7 c5 21.
Ba5 Qc8 22. Qa7 Qa8 23. Qxc7 Rc8 24. Qxd6 Qxa5 25. Qxe5 Qa2 26. c4 Qb3 27. Qd6
Qb8 28. Qe7 Re8 29. Qxc5 Qc8 30. Qe3 Re7 31. d4 Bxc4 32. Rc1 Rc7 33. Ne5 Bf1
34. Rxf1 Rc3 35. Qf4 g5 36. Qxf7+ Kh8 37. Ng6# 1-0

[Event "DVM U10 2014"]
[Site "Magdeburg GER"]
[Date "2014.12.28"]
[Round "3"]
[White "Grund, Sebastian"]
[Black "Müller, Richard"]
[Result "0-1"]
[Termination "normal"]
[Board "10.1"]
[WhiteElo "1810"]
[BlackElo "1187"]
[WhiteTeam "MTV 1876 Saalfeld"]
[BlackTeam "ESV Nickelhütte Aue"]
[PlyCount "104"]
[WhiteFideId "12988626"]
[BlackFideId "12963364"]
[EventCountry "GER"]
[EventRounds "7"]
[EventType "team-swiss"]
[EventDate "2014.12.27"]

1. Nf3 d5 2. g3 Nf6 3. Bg2 b6 4. c4 e6 5. O-O Bb7 6. cxd5 exd5 7. d4 Be7 8. Nc3
O-O 9. Bg5 h6 10. Bxf6 Bxf6 11. Rc1 Nc6 12. e3 Ne7 13. Qc2 c6 14. Rfd1 Ng6 15.
b4 Rc8 16. Qb3 h5 17. a4 a6 18. Rd2 Qd7 19. h4 b5 20. Kh2 Qd6 21. e4 Be7 22. e5
Qxb4 23. Qxb4 Bxb4 24. Rb2 Ba3 25. Rcb1 Bxb2 26. Rxb2 Ne7 27. Bh3 Rc7 28. Ng5
Bc8 29. e6 f5 30. axb5 cxb5 31. Ne2 Re8 32. Nf4 Rc4 33. Nxh5 Rxd4 34. Nf4 b4
35. Nf3 Rc4 36. Nd2 Rc3 37. Rxb4 Rc2 38. Rd4 a5 39. Kg2 a4 40. Nb1 Rc4 41. Rd2
g6 42. Ra2 Kg7 43. Nd2 Rb4 44. Nd3 Rd4 45. Nf4 Ng8 46. Nf3 Rb4 47. Nxd5 Re4 48.
Ng5 Re1 49. Rxa4 Bb7 50. Ra7 Rb1 51. Kh2 Ne7 52. Nxe7 Rh1# 0-1

[Event "DVM U10 2014"]
[Site "Magdeburg GER"]
[Date "2014.12.28"]
[Round "3"]
[White "Fahsel, Hannes"]
[Black "Gräf, Patrick"]
[Result "1-0"]
[Termination "normal"]
[Board "10.2"]
[WhiteElo "988"]
[BlackElo "930"]
[WhiteTeam "ESV Nickelhütte Aue"]
[BlackTeam "MTV 1876 Saalfeld"]
[PlyCount "37"]
[EventCountry "GER"]
[EventRounds "7"]
[EventType "team-swiss"]
[EventDate "2014.12.27"]

1. e4 e5 2. Bc4 Nf6 3. d3 Nc6 4. c3 Bc5 5. Nf3 Ng4 6. O-O d6 7. h3 Nf6 8. Bb3
O-O 9. Bg5 h6 10. Bh4 Be6 11. Bc2 Qd7 12. Bxf6 gxf6 13. Nh4 f5 14. Qf3 f4 15.
Qh5 Kh7 16. Kh2 Rg8 17. g3 Bxh3 18. Nf5 Bxf1 19. Qxh6# 1-0

[Event "DVM U10 2014"]
[Site "Magdeburg GER"]
[Date "2014.12.28"]
[Round "3"]
[White "Lorenz, Keana"]
[Black "Schurig, Tom"]
[Result "1-0"]
[Termination "normal"]
[Board "10.3"]
[WhiteElo "1089"]
[BlackElo "600"]
[WhiteTeam "MTV 1876 Saalfeld"]
[BlackTeam "ESV Nickelhütte Aue"]
[PlyCount "67"]
[WhiteFideId "12990248"]
[EventCountry "GER"]
[EventRounds "7"]
[EventType "team-swiss"]
[EventDate "2014.12.27"]

1. e4 e5 2. Nf3 d6 3. Bc4 Be7 4. Nc3 Nf6 5. O-O O-O 6. d3 Bd7 7. Be3 c5 8. Ng5
Be8 9. Nf3 h6 10. a3 Bc6 11. b4 d5 12. exd5 Bxd5 13. Nxe5 Bxc4 14. Nxc4 b6 15.
bxc5 bxc5 16. Qf3 Nbd7 17. Qg3 Nh5 18. Qf3 Ndf6 19. Ne4 g6 20. Bxh6 Re8 21.
Nxf6+ Bxf6 22. Rad1 Kh7 23. Be3 Rc8 24. Bf4 Nxf4 25. Qxf4 Re6 26. Rfe1 Rcc6 27.
Rxe6 Rxe6 28. g4 Qe7 29. g5 Be5 30. Qh4+ Kg8 31. Rb1 f6 32. Nxe5 fxe5 33. Rb8+
Kg7 34. Qh8+ 1-0

[Event "DVM U10 2014"]
[Site "Magdeburg GER"]
[Date "2014.12.28"]
[Round "3"]
[White "Schröter, Lucas"]
[Black "Lorenz, Anouk"]
[Result "1-0"]
[Termination "normal"]
[Board "10.4"]
[WhiteElo "955"]
[BlackElo "865"]
[WhiteTeam "ESV Nickelhütte Aue"]
[BlackTeam "MTV 1876 Saalfeld"]
[PlyCount "75"]
[BlackFideId "12990256"]
[EventCountry "GER"]
[EventRounds "7"]
[EventType "team-swiss"]
[EventDate "2014.12.27"]

1. e4 e5 2. Bc4 Nc6 3. Nc3 Bc5 4. Qf3 Nf6 5. d3 h6 6. b3 d6 7. h3 Be6 8. Na4
Bxc4 9. Nxc5 dxc5 10. bxc4 Qd4 11. Rb1 Qc3+ 12. Bd2 Qa3 13. Rxb7 Nd4 14. Qd1
O-O 15. Ne2 Rfb8 16. Rxb8+ Rxb8 17. Nxd4 cxd4 18. O-O Qxa2 19. Qe2 Nh5 20. c5
Rb1 21. Rxb1 Qxb1+ 22. Qe1 Qb7 23. Qe2 Nf6 24. c3 a5 25. cxd4 a4 26. dxe5 Ne8
27. Bc3 Qb3 28. Qb2 Qd1+ 29. Kh2 Kf8 30. c6 Kg8 31. Qb8 Qxd3 32. Bb4 Qxe4 33.
Qxe8+ Kh7 34. e6 Qxb4 35. exf7 a3 36. f8=Q Qxf8 37. Qxf8 a2 38. Qa3 1-0